Formelsammlung Physikalische Chemie /

Saved in:
Bibliographic Details
Main Authors: Regen, Otfried (Author), Brandes, Georg (Author)
Format: Book
Published: Leipzig : VEB Deutscher Verlag für Grundstoffindustrie, 1985
Tags: Add Tag
No Tags, Be the first to tag this record!

MARC

LEADER 00000nam a22000003a 4500
001 stu15313
005 20150617225800.0
008 ------s1985----gw----------------------d
040 |a STU  |b slo 
041 0
044 |a gw 
080 |a 541.1 
100 1 |a Regen, Otfried  |4 aut 
245 1 |a Formelsammlung Physikalische Chemie /  |c [aut.]Regen,Otfried, Brandes,Georg 
260 |a Leipzig :  |b VEB Deutscher Verlag für Grundstoffindustrie,  |c 1985 
300 |a 100 s :  |b Tabuľky 
700 1 |a Brandes, Georg  |4 aut 
996 |b C79876  |c C*79876  |l CCV  |s P  |a 0  |w stu15313_0001